| 000 | 00375nam a22001337a 4500 | ||
|---|---|---|---|
| 999 |
_c522846 _d522846 |
||
| 005 | 20190124101049.0 | ||
| 008 | 190124b ||||| |||| 00| 0 eng d | ||
| 040 | _cDLC | ||
| 082 |
_a824.914 _bPHI |
||
| 245 |
_aSelected Essays by Cary Phillips A new World Order / _cCaryl Phillips |
||
| 260 |
_aLondon _bSecker & Warburg _c2001. |
||
| 300 |
_a309p. _c25 cm. |
||
| 942 |
_2ddc _cBK |
||